02327nam a22003494a 4500003000900000005001700009008004100026017001800067040001300085041000800098044000700106082002500113110008600138245018900224260002800413300001000441520112100451650001901572650001301591650001401604650001301618650001601631650002201647650001401669650001301683651001201696651001101708942001701719999001501736952011301751952011301864BOLpUSFA20260520183401.0 t bo gr 001 | spa|| a4-1-4090-2024 aBOLpUSFA aspa cBO aBO 305.31bC579e 1r. aCentro de Investigación Social Tecnología Apropiada y Capacitación (CISTAC) a1er. Encuentro binacional Trabajo en masculinidades. Bolivia - Perú 2023. Aportes para la construcción de sociedades igualitarias, antipatriarcales, antimercantiles y decoloniales. aLa Paz:bCISTAC, c2024 a90 p. aEncuentro binacional para la construcción de una agenda regional de Trabajo en masculinidades: Aportes para la construcción de sociedades igualitarias, antipatriarcales, antimercantiles y decoloniales se llevó a cabo los días 1 y 2 de diciembre de 2023 en la Casa Campesina Bartolomé de las Casas en Cusco, Perú. Este evento fue organizado por CISTAC Masculinidades Bolivia y CISTAC Cuerpo Territorio Perú, con el apoyo de Pan Para el Mundo (PPM), Fundación Friedrich-Ebert-Stiftung de Perú y la Red MenEngage Latinoamérica. Con el objetivo de ampliar el alcance internacional de la iniciativa de Trabajo en masculinidades, se han promovido, gestionado y desarrollado acciones en Bolivia y Perú, logrando una gran acogida entre compañeros y compañeras académico-activistas de ambos países. Actualmente, se están llevando adelante iniciativas compartidas, apoyando la difusión, promoción y uso de modelos de Edu-entretenimiento, la consolidación de la Red Peruana de Masculinidades (AIMI Perú) y del Consorcio Boliviano Cuerpo Ciudadanía - Red de Trabajo en Masculinidades. aMasculinidades aMemorias aSeminario aGénero aPatriarcado aDiversidad sexual aViolencia aMachismo aBolivia aPerú 2ddccLIzLLO c9719d9719 00102ddc407081aBLPbBLPc2d2026-05-20e3l0oBO 305.31 C579e 1r.pBLP03613r2026-05-20w2026-05-20yLI 00102ddc407081aBEAbBEAc2d2026-05-20e3l0oBO 305.31 C579e 1r.pBEA01548r2026-05-20w2026-05-20yLI